| 000 | 00462nam a22001577a 4500 | ||
|---|---|---|---|
| 003 | OSt | ||
| 005 | 20211117104635.0 | ||
| 008 | 211117b |||||||| |||| 00| 0 eng d | ||
| 020 | _a0521273153 | ||
| 040 | _cHU | ||
| 100 |
_a Lynch Tony _918883 |
||
| 245 |
_a: Study listening : understanding lectures and talks in English _bguide for teachers and self-study |
||
| 260 |
_aNew York _bCambridge _c1983 |
||
| 300 |
_a92 p _bpc _c24 cm |
||
| 942 |
_2ddc _cBOOKS _n0 |
||
| 999 |
_c18669 _d18669 |
||